Inauguračná prednáška na Podnikovohospodárskej fakulte EU v Košiciach
Dňa 16. marca 2009 sa konala inauguračná prednáška doc. Ing. Viktórie Bobákovej na tému Financovanie inovačného rozvoja podnikov v Slovenskej republike. Informácia o téme a cieľoch zvolenej témy.
Na minha lista:
| Autor principal: | |
|---|---|
| Formato: | Capítulo de Livro |
| Idioma: | eslovaco |
| Assuntos: | |
| Tags: |
Sem tags, seja o primeiro a adicionar uma tag!
|
MARC
| LEADER | 00000naa$a2200000$$$4500 | ||
|---|---|---|---|
| 001 | 0099261 | ||
| 005 | 20240502072107.5 | ||
| 041 | 0 | |a slo | |
| 044 | |a SK | ||
| 245 | 1 | 0 | |a Inauguračná prednáška na Podnikovohospodárskej fakulte EU v Košiciach |c Pavel Vavrinčík |
| 520 | |a Dňa 16. marca 2009 sa konala inauguračná prednáška doc. Ing. Viktórie Bobákovej na tému Financovanie inovačného rozvoja podnikov v Slovenskej republike. Informácia o téme a cieľoch zvolenej témy. | ||
| 610 | 2 | 0 | |a zdroje finančné |
| 610 | 2 | 0 | |a výskum ekonomický |
| 610 | 2 | 0 | |a podnik |
| 610 | 2 | 0 | |a konkurencieschopnosť |
| 610 | 2 | 0 | |a inovácia |
| 100 | 1 | |a Vavrinčík, Pavel | |